Top Goalscorers FIFA World Cup 2026 Qualifiers - Statistics

General Stats
  • This quiz has been taken 38 times
  • The average score is 14 of 40
Answer Stats
Confederation Goals Country Answer % Correct
UEFA 16 Norway Erling Haaland
100%
UEFA 8 England Harry Kane
94%
CONMEBOL 8 Argentina Lionel Messi
92%
CAF 9 Egypt Mohamed Salah
83%
UEFA 6 Bosnia and Herzegovina Edin Džeko
81%
UEFA 8 Netherlands Memphis Depay
78%
CAF 7 Gabon Pierre-Emerick Aubameyang
72%
CONMEBOL 7 Colombia Luis Díaz
69%
UEFA 8 Austria Marko Arnautović
61%
OFC 9 New Zealand Chris Wood
58%
UEFA 6 Belgium Kevin De Bruyne
56%
CAF 8 Nigeria Victor Osimhen
56%
CONMEBOL 6 Ecuador Enner Valencia
53%
UEFA 6 Croatia Andrej Kramarić
47%
AFC 5 Iran Mehdi Taremi
47%
UEFA 6 Spain Mikel Oyarzabal
44%
UEFA 6 Ireland Troy Parrott
42%
CONMEBOL 5 Uruguay Darwin Núñez
39%
CONMEBOL 5 Brazil Raphinha
39%
UEFA 6 Spain Mikel Merino
33%
AFC 5 Qatar Almoez Ali
28%
CAF 7 Ghana Jordan Ayew
28%
CONMEBOL 6 Venezuela Salomón Rondón
28%
CAF 7 Gambia Musa Barrow
17%
CAF 8 Gabon Denis Bouanga
14%
CONCACAF 6 Haiti Duckens Nazon
11%
CAF 10 Algeria Mohamed Amoura
11%
CONMEBOL 7 Bolivia Miguel Terceros
8%
CONCACAF 5 Curacao Gervane Kastaneer
6%
CONCACAF 5 Jamaica Shamar Nicholson
6%
AFC 5 Jordan Yazan Al-Naimat
6%
OFC 4 New Zealand Elijah Just
3%
AFC 5 UAE Fábio Lima
3%
CAF 8 Mali Kamory Doumbia
3%
CONCACAF 6 Guatemala Óscar Santis
3%
OFC 3 Fiji Roy Krishna
3%
OFC 3 New Caledonia Georges Gope-Fenepej
0%
OFC 3 New Caledonia Joseph Athale
0%
CONCACAF 5 St. Vincent and the Grenadines Oalex Anderson
0%
AFC 5 Kuwait Youssef Nasser
0%
No matching quizzes found
Score Distribution
Percent of People with Each Score
Percentile by Number Answered
Your Score History
You have not taken this quiz